• 首页
  • 本馆介绍
  • 公告通知
  • 最新文献
  • 馆藏检索
  • 电子资源
  • 读者导购
  • 参考咨询
  • 我的图书馆
  • 登录
  • 详细信息显示
  • 放入我的书架
  • 预约/预借图书
  • 作者相关作品
  • 分类相关作品
  • 丛书相关作品
  • 出版社相关作品

书目信息

  • 表格格式
  • 工作单格式
  • 卡片格式
题名:
五四运动回忆录
    
 
作者: ;中国社会科学院近代史研究所 编
分册: 下  
出版信息: 北京   中国社会科学出版社  1979
页数: 527-1021页
开本: 20cm
丛书名:
单 册:
中图分类: K261.1
科图分类:
主题词: 中国--历史
电子资源:
ISBN:
000 00674nam0 2200229 45
001 0179007540
005 20040505083446.0
010    @dCNY3.10
091    @a11190.011
100    @a19950724d1979 em y0chiy0121 ea
101 0  @achi
102    @aCN@b110000
105    @ay z 010yy
106    @ar
200 10 @a五四运动回忆录@h下@Awu si yun dong hui yi lu@f中国社会科学院近代史研究所编
210    @a北京@c中国社会科学出版社@d1979
215    @a527-1021页@d20cm
606 0  @a中国@x历史
690    @aK261.1@v3
711 02 @a中国社会科学院近代史研究所@Azhong guo she hui ke xue yuan jin dai shi yan jiu suo@4编
801  0 @aCN@bNLC@c20040505
905    @dK261.1@e3:2@f1@b10247
    
    五四运动回忆录.下/中国社会科学院近代史研究所编.-北京:中国社会科学出版社,1979
    527-1021页;20cm
    
    
    ISBN :CNY3.10
    
●
相关链接 在E读中查询图书 在五车中查询图书 在当当中查询图书 在豆瓣中查询图书


正题名:五四运动回忆录     索取号:K261.1/3:2         预约/预借

序号 登录号 条形码 馆藏地/架位号 状态 备注
1 0010247   001295299   密集书库/ [索取号:K261.1/3:2] 在馆    
2 0010248   202084029   第二样本阅览室/ [索取号:K261.1/3:2] 在馆    
唐山师范学院图书馆 欢迎您!
大连网信软件有限公司© 版权所有